logo

Bir Sreshtho Munshi Abdur Rouf Library
Jhenaidah Cadet College

Merry hearts and bold / (Record no. 6822)

MARC details
000 -LEADER
fixed length control field 01072cam a22002771i 4500
001 - CONTROL NUMBER
JCCL Control Number 6822
003 - CONTROL NUMBER IDENTIFIER
JCCL marc code BD-JhCC
005 - DATE AND TIME OF LATEST TRANSACTION
control field 20180304175533.0
008 - FIXED-LENGTH DATA ELEMENTS--GENERAL INFORMATION
fixed length control field 770810m1947 maua 000 0 eng
035 ## - SYSTEM CONTROL NUMBER
system control number (BD-JhCC)
035 ## - SYSTEM CONTROL NUMBER
system control number (OCoLC)3176750
040 ## - CATALOGING SOURCE
Original cataloging agency DLC
Transcribing agency DNIE
Modifying agency DLC
041 ## - LANGUAGE CODE
Language code of Book eng
050 00 - LIBRARY OF CONGRESS CALL NUMBER
Classification number PE1117
Item number .R343
082 ## - DEWEY DECIMAL CLASSIFICATION NUMBER
Classification number 808.8
Author mark and Year NOL 1947
100 ## - MAIN ENTRY--PERSONAL NAME
Personal name Nolen, Brbara
245 00 - TITLE STATEMENT
Title Merry hearts and bold /
Statement of responsibility, etc Brbara Nolen
250 ## - EDITION STATEMENT
Edition statement Rev. ed.
260 ## - PUBLICATION, DISTRIBUTION, ETC. (IMPRINT)
Place of publication, distribution, etc Boston :
Name of publisher, distributor, etc D.C. Heath,
Date of publication, distribution, etc 1947-
300 ## - PHYSICAL DESCRIPTION
Pagination 437 p. :
Other physical details ill. ;
Dimensions 21 cm.
500 ## - GENERAL NOTE
General note Half-title : each volume has special t.p.
505 2# - FORMATTED CONTENTS NOTE
Formatted contents note [primer 1] A home for Sandy, by Romeny Gay [pseud.]--[primer 2] Rain and shine, by Ardra S. Wavle.--[book 1] Something different, by Eva K. Evans.--[book 2] Lost and found, by Robin Palmer.---[book 3] Fun and frolic, ed. by Barbara Nolen.--[book 4] Luck and pluck, ed. by B. Nolen.--[book 5] Merry hearts and bold [edited by B. Nolen].--[book 6] The brave and free [edited by B. Nolen].
650 #0 - SUBJECT ADDED ENTRY--TOPICAL TERM
Topical term or geographic name as entry element Short stories
942 ## - ADDED ENTRY ELEMENTS (KOHA)
Source of classification or shelving scheme Dewey Decimal Classification
Koha item type Books
Holdings
Source of classification or shelving scheme Damaged status Not for loan Home library Current library Shelving location Total Checkouts Full call number Barcode Date last seen Copy number Koha item type
Dewey Decimal Classification     JCC Rouf Library JCC Rouf Library General Stacks   808.8 NOL 1947 9396 01/30/2018 C - 1 Books

JCC Library | Contacts | JCC Home

Last Update on 23 September 2017
Copyright @ 2017-2020 JCC Rouf Library
Rouf Library, Jhenidah Cadet College (JCC), Bangladesh